000 00308nam a2200109Ia 4500
008 171211s9999 xx 000 0 und d
245 _aMix-and-Match Mama Eats: Crazy Good Go-To Meals
245 _cShay Shull
260 _c2016
650 _xCOOKBOOKS
856 _uhttp://down.ebook777.com/062/0736966137.pdf
999 _c348166
_d348166